La Migración irrumpe en agenda latinoamericana /

Guardado en:
Bibliografiske detaljer
Hovedforfatter: Valencia, León
Format: Texto
Fag:
Tags: Tilføj Tag
Ingen Tags, Vær først til at tagge denne postø!

MARC

LEADER 00000 a a2200000 04500
001 10149
003
040
100 |a Valencia, León  
245 |a La Migración irrumpe en agenda latinoamericana /  |c León Valencia 
650 |a MIGRACION INTERNACIONAL  
650 |a MIGRACION INTRAREGIONAL  
650 |a LIBERALIZACION DEL INTERCAMBIO  
773 |g número 20; páginas 170-178  
999 |c 38634  |d 38634